<?xml version="1.0" encoding="UTF-8"?>
<marc:record xmlns:marc="http://www.loc.gov/MARC21/slim">
   <marc:leader>00000nam a2200000 a 4500</marc:leader>
   <marc:datafield ind1="1" ind2=" " tag="100">
      <marc:subfield code="a">Holzer, Andy</marc:subfield>
      <marc:subfield code="4">aut</marc:subfield>
      <marc:subfield code="e">Verfasser/-in</marc:subfield>
   </marc:datafield>
   <marc:datafield ind1=" " ind2=" " tag="653">
      <marc:subfield code="a">Blindheit</marc:subfield>
   </marc:datafield>
   <marc:datafield ind1=" " ind2=" " tag="653">
      <marc:subfield code="a">Bergsteigen</marc:subfield>
   </marc:datafield>
   <marc:datafield ind1=" " ind2=" " tag="653">
      <marc:subfield code="a">Erlebnisbericht</marc:subfield>
   </marc:datafield>
   <marc:datafield ind1="0" ind2="0" tag="245">
      <marc:subfield code="a">Balanceakt</marc:subfield>
   </marc:datafield>
   <marc:datafield ind1="0" ind2="0" tag="245">
      <marc:subfield code="b">blind auf die Gipfel der Welt</marc:subfield>
   </marc:datafield>
   <marc:datafield ind1="0" ind2="0" tag="245">
      <marc:subfield code="c">Andy Holzer</marc:subfield>
   </marc:datafield>
   <marc:datafield ind1=" " ind2="1" tag="264">
      <marc:subfield code="a">Mannheim</marc:subfield>
      <marc:subfield code="b">Walter</marc:subfield>
      <marc:subfield code="c">2010</marc:subfield>
   </marc:datafield>
   <marc:datafield ind1="1" ind2=" " tag="520">
      <marc:subfield code="a">A. Holzer (Jg. 66) ist seit seiner Geburt blind. Aufgewachsen in einem Tiroler Dorf und zu einer Zeit, da die Integration von Behinderten noch in den Anfängen steckte, rebellierte er gegen jegliche Ausgrenzung. Statt Blindenschule und Internat fuhr er in die nächste Kleinstadt mit dem Fahrrad zur Schule. Zusammen mit Freunden ließ er keine Mutprobe aus und nahm u.a. am internationalen Dolomitenskilauf (60 km) in der Normaldisziplin erfolgreich und besser als sehende Teamkollegen teil. Fast zwangsläufig landete er beim Klettern und Bergsteigen, was seine Lebensprofession wurde. Derzeit avisiert er (offenbar) wie sein amerikanisches Vorbild Erik Weihenmayer die Seven Summits. Bisher erreichte er u.a. Mt. McKinley, Elbrus, Aconcagua, Carstensz Pyramide und den Kilimandscharo. 2004 durchstieg er die ausgesetzte Große Zinne Nordwand. In Österreich und über die Grenzen hinaus hat er sich als Vortragender und Botschafter für die Integration von Behinderten einen Namen gemacht.</marc:subfield>
   </marc:datafield>
   <marc:datafield ind1=" " ind2=" " tag="020">
      <marc:subfield code="a">9783530506136</marc:subfield>
      <marc:subfield code="9">9783530506136</marc:subfield>
   </marc:datafield>
   <marc:datafield ind1=" " ind2=" " tag="020">
      <marc:subfield code="a">3530506133</marc:subfield>
      <marc:subfield code="9">3530506133</marc:subfield>
   </marc:datafield>
   <marc:datafield ind1=" " ind2=" " tag="300">
      <marc:subfield code="a">229 S. : Ill.</marc:subfield>
   </marc:datafield>
</marc:record>
